=LDR 00000nam 2200000 4500 =001 INLIS000000000013644 =005 20201106092626 =035 ##$$a 0010-061300000013644 =008 201106################g##########0#ind## =041 ##$$a Ind =082 ##$$a 320.104 =090 ##$$a 320.104, Neg n =245 ##$$a Negara sekuler sebuah bolemik, /$c Denny JA, HA Sumargono =260 ##$$a Jakarta :$b Abadi,$c 2000 =300 ##$$a 149 hlm, ; $c 14 x 21 cm =650 #4$$a Negara sekuler =700 #$$a Denny JA =850 ##$$a NBPNMAT =020 ##$$a 979-96009-1-1 =084 ##$$a 320.104 NEG =250 ##$$a cet.1 =990 ##$$a 20404944 =990 ##$$a 20404942